| 000 | 02263nam a22003017a 4500 | ||
|---|---|---|---|
| 008 | 110421r20092011enk|||||r|||| 001 0 eng d | ||
| 020 | _a0749452420 | ||
| 020 | _a9780749452421 | ||
| 082 |
_222 _a658.3 _bARM |
||
| 100 |
_923156 _aArmstrong, Michael, _d1928- |
||
| 245 |
_aArmstrong's Handbook of Human Resource Management Practice / _cMichael Armstrong |
||
| 246 | _aHandbook of Human Resource Management Practice | ||
| 250 | _a11th ed. | ||
| 260 |
_aLondon : _bKonganpage, 2009 _c2009 |
||
| 300 |
_axx, 1062 p. : _bcol. ill. ; _c24 cm. |
||
| 504 | _aIncludes bibliographical references and index | ||
| 650 |
_923299 _aPersonnel management _vHandbooks, manuals, etc |
||
| 653 |
_bBus _cApril2011 |
||
| 942 |
_2ddc _cBB |
||
| 999 |
_c15171 _d15171 |
||